Motley Crue Albums - Statistics

General Stats
  • This quiz has been taken 666 times
  • The average score is 9 of 15
Answer Stats
Hint Answer % Correct
1989 Dr Feelgood
96%
1987 Girls Girls Girls
91%
1983 Shout At The Devil
90%
1985 Theatre Of Pain
83%
1981 Too Fast For Love
82%
1994 Motley Crue
68%
2008 Saints Of Los Angeles
66%
1997 Generation Swine
61%
2000 New Tattoo
46%
1998 Greatest Hits
39%
2009 Greatest Hits
39%
2005 Red White and Crue
35%
1991 Decade Of Decadence
32%
1999 Supersonic And Demonic Relics
18%
1999 Live Entertainment Or Death
13%
No matching quizzes found
Score Distribution
Percent of People with Each Score
Percentile by Number Answered
Your Score History
You have not taken this quiz